000 00442nam a2200181Ia 4500
003 OSt
005 20230630132158.0
008 210423s9999 xx 000 0 und d
040 _cAL
041 _aeng
082 _a302.2 KRIK
_223
100 _aKRISHNAIAH (S A).
_9120420
245 _aKarnataka property.
260 _bRegional Office
_aUttar Pradesh
_c2003
365 _b25
_cINR
906 _aKarnataka ; property.
942 _2ddc
_cBK
999 _c173790
_d173790